[Event "KasparovChess GP g/60"]
[Site "Internet"]
[Date "2000.02.15"]
[Round "2.1"]
[White "Piket,Je"]
[Black "Morozevich,A"]
[Result "1/2-1/2"]
[WhiteElo "2633"]
[BlackElo "2748"]

1.d4 d5 2.c4 c6 3.Nf3 Nf6 4.Nc3 dxc4 5.a4 Bf5 6.e3 e6 7.Bxc4 Bb4 8.O-O O-O
9.Qe2 Nbd7 10.e4 Bg6 11.Bd3 h6 12.Rd1 Re8 13.e5 Nd5 14.Bxg6 fxg6 15.Bd2 Bf8
16.a5 a6 17.Nxd5 cxd5 18.Qd3 g5 19.Qg6 Qe7 20.Bxg5 Qf7 21.Qxf7+ Kxf7 22.Bd2 Nb8
23.Kf1 Nc6 24.Ke2 Rac8 25.Rdc1 Rc7 26.h4 Rec8 27.Kd1 Ke8 28.Rc3 Be7 29.Ra4 Bd8
30.h5 Rf7 31.Rd3 Na7 32.Ra1 Nb5 33.Rc1 Rxc1+ 34.Kxc1 Kd7 35.Kd1 Ke8 36.Be1 Rf5
37.Ke2 Rxh5 38.Bd2 Rf5 39.Ne1 Na7 40.Nc2 Nc6 41.Ra3 h5 42.f3 Rf7 43.Ra1 g6
44.Kd3 Kf8 45.b4 Rc7 46.b5 axb5 47.Rb1 Be7 48.Rxb5 Ke8 49.Bb4 Na7 50.Rb6 Nc8
51.Rb5 Na7 52.Rb6 Nc8 53.Rb5 Na7  1/2-1/2

[Event "KasparovChess GP g/5"]
[Site "Internet"]
[Date "2000.02.15"]
[Round "2.3"]
[White "Piket,Je"]
[Black "Morozevich,A"]
[Result "0-1"]
[WhiteElo "2633"]
[BlackElo "2748"]

1.d4 d5 2.c4 c6 3.Nf3 Nf6 4.Nc3 dxc4 5.a4 Bf5 6.e3 e6 7.Bxc4 Bb4 8.O-O O-O
9.Qe2 Nbd7 10.e4 Bg6 11.Bd3 h6 12.Rd1 a6 13.h3 Rc8 14.Bf4 Re8 15.Rac1 Bh5
16.g4 Bg6 17.Bg3 Qa5 18.Ne5 Nxe5 19.dxe5 Nd7 20.f4 Bh7 21.Bxa6 Nc5 22.Bd3 Nb3
23.Rb1 Rcd8 24.Bf2 Bc5 25.Kh2 g5 26.Bg3 gxf4 27.Bxf4 Bd4 28.g5 Bxe5 29.Qg4 Bxf4+
30.Qxf4 hxg5 31.Rg1 Rxd3 32.Rxg5+ Qxg5 33.Qxg5+ Bg6 34.Rg1 Nd4 35.Rg3 Nf3+
36.Rxf3 Rxf3 37.h4 Kg7 38.Kg2 Rf6 39.h5 Rh8 40.Qe5 Rxh5 41.Qc7 Rg5+ 42.Kh2 Bxe4  0-1

[Event "KasparovChess GP g/5"]
[Site "Internet"]
[Date "2000.02.15"]
[Round "2.5"]
[White "Piket,Je"]
[Black "Morozevich,A"]
[Result "1-0"]
[WhiteElo "2633"]
[BlackElo "2748"]

1.d4 d5 2.c4 c6 3.Nf3 Nf6 4.Nc3 dxc4 5.a4 Bf5 6.e3 e6 7.Bxc4 Bb4 8.O-O O-O
9.Qe2 Nbd7 10.e4 Bg6 11.e5 Nd5 12.Ne4 c5 13.Bg5 Qa5 14.Bb5 N5b6 15.Rfd1 a6
16.Bxd7 Nxd7 17.Nd6 cxd4 18.Rxd4 Bc5 19.Nxb7 Qc7 20.Rxd7 Qxd7 21.Nxc5 Qd5
22.Be3 Rfc8 23.Rd1 Qa2 24.h3 h6 25.Kh2 Rab8 26.Rd2 Rc6 27.b4 Qb1 28.Rb2 Qa1
29.b5 axb5 30.axb5 Rcc8 31.b6 Rd8 32.Nd4 Bh5 33.Qc2 Rbc8 34.b7 Rxc5 35.Qxc5 Qxb2
36.Qc8 Rf8 37.Nc6 Rxc8 38.bxc8=Q+ Kh7 39.Qb8  1-0

[Event "KasparovChess GP g/5"]
[Site "Internet"]
[Date "2000.02.15"]
[Round "2.4"]
[White "Morozevich,A"]
[Black "Piket,Je"]
[Result "0-1"]
[WhiteElo "2748"]
[BlackElo "2633"]

1.e4 e5 2.Nf3 Nc6 3.d4 exd4 4.Nxd4 Nf6 5.Nxc6 bxc6 6.e5 Qe7 7.Qe2 Nd5 8.c4 Nb6
9.Nc3 Qe6 10.Qe4 Bb4 11.Bd2 Ba6 12.b3 Bxc3 13.Bxc3 d5 14.Qh4 dxc4 15.Be2 Nd5
16.Bd4 Qf5 17.O-O Nf4 18.Bf3 O-O 19.Rfd1 cxb3 20.Re1 Rfd8 21.Be4 Rxd4 22.Bxf5 Ne2+
23.Rxe2 Rxh4 24.Rd2 g6 25.axb3 Bb5 26.Bc2 Rb4 27.Rad1 c5 28.g3 c4 29.bxc4 Rxc4
30.Bb3 Rc3 31.Ba2 Re8 32.f4 a5 33.Rb2 Bc6 34.Bd5 Bxd5 35.Rxd5 Ra8 36.Rd7 a4
37.Rbd2 a3 38.Rd8+ Rxd8 39.Rxd8+ Kg7 40.Ra8 h5 41.Kg2 Rc2+ 42.Kf3 a2 43.h3 c5
44.g4 h4 45.f5 gxf5 46.gxf5 c4 47.Ra7 c3 48.e6 Rc1 49.e7 Re1 50.Rxa2 Rxe7
51.Kg4 Re4+ 52.Kg5 f6+ 53.Kh5 Rc4 54.Rg2+ Kf7 55.Rc2 Ke7 56.Kg6 Rc6 57.Re2+ Kd7
58.Rc2 Kc7 59.Kh5 Kd6 60.Kxh4 Ke5 61.Kg4 Ke4 62.h4 Kd3 63.Rc1 Kd2 64.Rf1 c2
65.h5 c1=Q 66.Rxc1 Rxc1 67.h6 Rh1  0-1

[Event "Bundesliga 1999-2000"]
[Site "Solingen GER"]
[Date "2000.04.08"]
[Round "14"]
[White "Beliavsky,A"]
[Black "Morozevich,A"]
[Result "0-1"]
[WhiteElo "2640"]
[BlackElo "2748"]

1.d4 d5 2.c4 Nc6 3.Nc3 dxc4 4.Nf3 Nf6 5.e3 e5 6.d5 Ne7 7.Bxc4 Ng6 8.h4 Bd6
9.h5 Nf8 10.h6 g6 11.e4 N8d7 12.Bg5 a6 13.Nd2 O-O 14.g3 Be7 15.f4 b5 16.Bb3 Bb7
17.Qf3 c5 18.O-O-O c4 19.d6 Bxd6 20.Nxc4 bxc4 21.Rxd6 Qc7 22.Rxf6 cxb3 23.axb3 Rac8
24.Re1 Nxf6 25.Bxf6 Qb6 26.fxe5 Qxb3 27.Be7 Rfe8 28.Bd6 Re6 29.Rd1 g5 30.Rd4 a5
31.Qe3 Rxh6 32.Qxg5+ Rg6 33.Qe3 h6 34.Kb1 Kh7 35.Rd2 Bxe4+ 36.Qxe4 Rxc3 37.e6 Re3  0-1

[Event "FIDE World Cup Gp A"]
[Site "Shenyang CHN"]
[Date "2000.08.01"]
[Round "1"]
[White "Dreev,A"]
[Black "Morozevich,A"]
[Result "1/2-1/2"]
[WhiteElo "2676"]
[BlackElo "2756"]

1.d4 e6 2.c4 b6 3.a3 f5 4.Nc3 Nf6 5.Nf3 Ba6 6.b3 Be7 7.d5 O-O 8.Bb2 Bb7 9.g3 Ne4
10.Bg2 Bf6 11.Nd4 Nxc3 12.Bxc3 g6 13.b4 e5 14.Nb3 e4 15.Bxf6 Qxf6 16.O-O d6
17.f3 exf3 18.exf3 c5 19.dxc6 Nxc6 20.f4 Rae8 21.Qd2 Nd8 22.Bxb7 Nxb7 23.Rfe1 Nd8
24.Qd5+ Kg7 25.Nd4 Re7 26.Rxe7+ Qxe7 27.Nf3 Qe3+ 28.Kf1 Nf7 29.Qd4+ Qxd4
30.Nxd4 Rc8 31.Rc1 Kf6 32.Ke2 d5 33.c5 Nd6 34.c6 Re8+ 35.Kd3 Ke7 36.Re1+ Ne4
37.Nb5 Rc8 38.Nxa7 Rc7 39.Nb5 Rxc6 40.Re2 Rc1 41.Rc2 Rd1+ 42.Ke2 Rh1 43.Ke3 Re1+
44.Kd4 Rd1+ 45.Ke3 Nd6 46.a4  1/2-1/2

[Event "FIDE World Cup Gp A"]
[Site "Shenyang CHN"]
[Date "2000.08.04"]
[Round "4"]
[White "Gulko,B"]
[Black "Morozevich,A"]
[Result "1/2-1/2"]
[WhiteElo "2643"]
[BlackElo "2756"]

1.c4 b6 2.b3 Bb7 3.Bb2 e6 4.Nc3 f5 5.Nf3 Nf6 6.g3 Be7 7.Bg2 O-O 8.O-O a5
9.d4 Ne4 10.d5 Na6 11.Nd4 Nxc3 12.Bxc3 Bf6 13.Qd2 Nc5 14.Rad1 Qe7 15.Nb5 d6
16.dxe6 Bxg2 17.Kxg2 Rae8 18.Bxf6 Rxf6 19.Qd5 f4 20.Nd4 Kh8 21.e3 fxe3 22.fxe3 Nxe6
23.Rxf6 gxf6 24.Nxe6 Qxe6 25.Qxe6 Rxe6 26.Kf3 Kg7 27.Kf4 Re8 28.a3 Kf7 29.Rd5 Kg6
30.g4 Kf7 31.Rh5 Kg6 32.Rd5 Kf7 33.h3 Kg6 34.h4 Kf7 35.Rd4 Re5 36.Re4 a4
37.b4 c5 38.bxc5  1/2-1/2

[Event "FIDE World Cup Gp A"]
[Site "Shenyang CHN"]
[Date "2000.09.05"]
[Round "5"]
[White "Morozevich,A"]
[Black "Milos,G"]
[Result "0-1"]
[WhiteElo "2756"]
[BlackElo "2633"]

1.e4 c5 2.Nf3 Nc6 3.Bb5 e6 4.O-O Nge7 5.Re1 Nd4 6.Nxd4 cxd4 7.d3 g6 8.Ba4 Bg7
9.Nd2 O-O 10.f4 d6 11.Nf3 Bd7 12.Bb3 a5 13.a4 b5 14.axb5 Bxb5 15.f5 gxf5
16.Ng5 h6 17.exf5 Nxf5 18.Nxf7 Rxf7 19.Bxe6 Qf6 20.Qf3 Ra7 21.Bxf7+ Qxf7
22.Rf1 Bd7 23.Bd2 a4 24.c4 Qg6 25.Qe4 Kh7 26.b4 Bc8 27.h3 h5 28.Rae1 Rf7
29.Rf2 Be5 30.Qa8 Bb7 31.Qe8 Bg3 32.Ref1 Bxf2+ 33.Rxf2 Rg7 34.Qxg6+ Kxg6
35.Bf4 h4 36.b5 Kf6 37.Kh2 Ke6 38.Re2+ Kd7  0-1

[Event "Bundesliga 2000-1"]
[Site "Solingen GER"]
[Date "2000.10.15"]
[Round "2"]
[White "Morozevich,A"]
[Black "Hracek,Z"]
[Result "1-0"]
[WhiteElo "2756"]
[BlackElo "2612"]

1.e4 c5 2.d3 Nc6 3.g3 d5 4.Nd2 Nf6 5.Bg2 Bg4 6.Ne2 e5 7.h3 Be6 8.g4 g6 9.g5 Nh5
10.exd5 Bxd5 11.Ne4 Be7 12.h4 O-O 13.Be3 Nd4 14.c3 Ne6 15.Bf3 Nhf4 16.Bxf4 exf4
17.Qc2 Rc8 18.O-O-O Nd4 19.Nxd4 cxd4 20.c4 Be6 21.Rhg1 b5 22.Bg4 Bxg4 23.Rxg4 bxc4
24.dxc4 Qc7 25.Rxd4 Rfd8 26.Rxd8+ Rxd8 27.Qc3 a5 28.a3 Rc8 29.c5 Rd8 30.Rg1  1-0

[Event "FIDE WCh KO"]
[Site "New Delhi IND"]
[Date "2000.12.06"]
[Round "4.1"]
[White "Morozevich,A"]
[Black "Tkachiev,V"]
[Result "1/2-1/2"]
[WhiteElo "2756"]
[BlackElo "2657"]

1.e4 d5 2.exd5 Qxd5 3.Nc3 Qa5 4.d4 Nf6 5.Bc4 Bg4 6.Ne2 Nc6 7.f3 Bh5 8.Bd2 O-O-O
9.a3 Nxd4 10.Nb5 Qb6 11.Nbxd4 e5 12.g4 Bg6 13.g5 Nh5 14.Nb3 Qc6 15.Bd3 Bxd3
16.cxd3 Rxd3 17.Rc1 Qxf3 18.Rf1 Qe4 19.Qc2 c6 20.Na5 Be7 21.Qc4 Rd4 22.Qb3 Rd7
23.Qh3 Rd8 24.Nc4 Nf4 25.Bxf4 exf4 26.Rxf4 Qh1+ 27.Rf1 Qd5 28.Rf5 Qe6 29.Qf1 h6
30.Re5  1/2-1/2

[Event "Bundesliga 2000-1"]
[Site "Gelsenkirchen GER"]
[Date "2000.12.09"]
[Round "3"]
[White "Dautov,R"]
[Black "Morozevich,A"]
[Result "1/2-1/2"]
[WhiteElo "2606"]
[BlackElo "2756"]

1.d4 d5 2.c4 Nc6 3.cxd5 Qxd5 4.e3 e5 5.Nc3 Bb4 6.Bd2 Bxc3 7.Bxc3 exd4 8.Ne2 Nf6
9.Nxd4 O-O 10.Qb3 Nxd4 11.Bxd4 Qd6 12.Rd1 c5 13.Bc3 Qe7 14.Bc4 Ne4 15.O-O b6
16.Bd5 Rb8 17.f3 Nxc3 18.Qxc3 Bb7 19.e4  1/2-1/2

[Event "Bundesliga 2000-1"]
[Site "Gelsenkirchen GER"]
[Date "2000.12.10"]
[Round "4"]
[White "Morozevich,A"]
[Black "Lutz,C"]
[Result "1-0"]
[WhiteElo "2756"]
[BlackElo "2595"]

1.e4 c5 2.Nc3 Nc6 3.Bb5 Nd4 4.Bc4 e6 5.Nf3 Ne7 6.Nxd4 cxd4 7.Ne2 Nc6 8.O-O Be7
9.d3 O-O 10.Bd2 Rb8 11.a4 a6 12.Qe1 d5 13.exd5 exd5 14.Bb3 Be6 15.a5 Rc8
16.Nf4 Qd7 17.Qe2 Bd6 18.Qh5 Bxf4 19.Bxf4 f6 20.h3 Bf7 21.Qg4 Qxg4 22.hxg4 Rfe8
23.f3 Ne5 24.Ra4 Rc5 25.Rb4 Nc6 26.Rb6 Rb5 27.Ba4 Rxa5 28.Ra1 Re7 29.Bd2 Rxa4
30.Rxa4 Re2 31.Bf4 Rxc2 32.Rxb7 Bg6 33.Rxa6  1-0

[Event "TCh-FRA"]
[Site "Monaco FRA"]
[Date "2001.02.03"]
[Round "2"]
[White "Tkachiev,V"]
[Black "Morozevich,A"]
[Result "0-1"]
[WhiteElo "2672"]
[BlackElo "2745"]

1.d4 d5 2.c4 c6 3.Nc3 Nf6 4.e3 a6 5.Qc2 g6 6.Bd3 Bg7 7.Nf3 O-O 8.O-O Bg4
9.Ne5 Be6 10.cxd5 Nxd5 11.Nxd5 cxd5 12.Bd2 Qb6 13.Rfc1 Bxe5 14.dxe5 Nc6 15.Bc3 Rfd8
16.Qd2 Rd7 17.Bf1 d4 18.exd4 Nxd4 19.Qe3 Qd8 20.Be2 Rc8 21.h3 Kg7 22.Kh2 h6
23.Bg4 Bxg4 24.hxg4 e6 25.Qe4 Nb5 26.Ba5 Qh4+ 27.Kg1 Rxc1+ 28.Rxc1 Qg5 29.Re1 Rd5
30.Bb6 Qd2 31.Qe2 Qb4 32.Be3 Nd4 33.Bxd4 Rxd4 34.a3 Qa4 35.Qf3 Rf4 36.Qxb7 Rd4
37.Rf1 Rxg4 38.Qf3 Rg5 39.Qf6+ Kg8 40.Rc1 Qd7 41.b4 Rf5 42.Qh4 Qd2 43.Rf1 Rxe5
44.Qc4 Qe2 45.Qf4 Kg7 46.Qd4 Kh7 47.a4 Rd5 48.Qc3 Rd1 49.Rxd1 Qxd1+ 50.Kh2 Qxa4
51.Qc7 Qe8 52.Qb7 Kg7 53.Qxa6 Qb8+ 54.g3 Qxb4  0-1

[Event "World Cup of Rapid Chess Gp B"]
[Site "Cannes FRA"]
[Date "2001.03.21"]
[Round "1"]
[White "Kasimdzhanov,R"]
[Black "Morozevich,A"]
[Result "1-0"]
[WhiteElo "2693"]
[BlackElo "2745"]

1.d4 d5 2.c4 c6 3.Nf3 Nf6 4.Nc3 dxc4 5.a4 a6 6.e4 Bg4 7.Bxc4 e6 8.Be3 Nbd7
9.O-O Be7 10.h3 Bh5 11.Be2 O-O 12.Qb3 Qb8 13.Rfd1 Rc8 14.Rac1 Bg6 15.Nd2 b5
16.e5 Ne8 17.Bf3 Nb6 18.g3 Nd5 19.axb5 axb5 20.Ne2 Ra4 21.Nf4 Rb4 22.Nxg6 hxg6
23.Qc2 Nxe3 24.fxe3 c5 25.Kg2 Rd8 26.Nb3 cxd4 27.Nxd4 Rc4 28.Qe2 Rxc1 29.Rxc1 Qxe5
30.Nc6 Qc7 31.Rc2 Rd6 32.Qxb5 Kh7 33.Qc4 Bf6 34.b4 Qb6 35.Qc5 Qxc5 36.bxc5 Rd3
37.Kf2 Nc7 38.Ra2 Rb3 39.Ra7 Rb2+ 40.Kf1 Nb5 41.Rb7 Rb1+ 42.Kf2 Rb2+ 43.Be2 Na3
44.Rxb2 Bxb2 45.Bd3 f5 46.Nd8 e5 47.c6 e4 48.c7 exd3 49.c8=Q d2 50.Ke2 Nb1
51.Qc2  1-0

[Event "World Cup of Rapid Chess Gp B"]
[Site "Cannes FRA"]
[Date "2001.03.21"]
[Round "3"]
[White "Morozevich,A"]
[Black "Hamdouchi,H"]
[Result "1-0"]
[WhiteElo "2745"]
[BlackElo "2535"]

1.e4 c5 2.Nc3 Nc6 3.Bb5 e6 4.Bxc6 bxc6 5.f4 d5 6.d3 Nf6 7.Nf3 c4 8.e5 Nd7
9.dxc4 Ba6 10.cxd5 cxd5 11.Ne2 Qb6 12.a4 Bc5 13.a5 Qb7 14.c3 Rc8 15.b4 Be7
16.Bd2 d4 17.cxd4 Qe4 18.Kf2 O-O 19.Re1 Rc4 20.Qb3 Qb7 21.Rab1 Bb5 22.Rec1 Rfc8
23.Rxc4 Bxc4 24.Qe3 a6 25.Nc3 Nb8 26.b5 axb5 27.Nxb5 Bxb5 28.Qb3 Qe4 29.Qxb5 Nc6
30.Qb7 Rb8 31.Qxb8+ Nxb8 32.Rxb8+ Bf8 33.a6  1-0

[Event "World Cup of Rapid Chess Gp B"]
[Site "Cannes FRA"]
[Date "2001.03.22"]
[Round "5"]
[White "Morozevich,A"]
[Black "Gurevich,M"]
[Result "0-1"]
[WhiteElo "2745"]
[BlackElo "2694"]

1.e4 e6 2.d4 d5 3.Nc3 Nf6 4.Bg5 dxe4 5.Nxe4 Be7 6.Bxf6 Bxf6 7.Nf3 Nd7 8.Qd3 b6
9.O-O-O Bb7 10.h4 Be7 11.Kb1 Nf6 12.Qb5+ c6 13.Nxf6+ Bxf6 14.Qh5 Qe7 15.Ne5 Rd8
16.Be2 O-O 17.Bd3 g6 18.Qg4 c5 19.h5 Rxd4 20.Qg3 Bxe5 21.Qxe5 Qd6 22.Qe3 Rd8
23.hxg6 hxg6 24.Rde1 Bxg2 25.Rhg1 Qd5 26.a3 c4 27.Bxg6 fxg6 28.Rxg2 Qxg2
29.Qxe6+ Kg7 30.Qe7+ Kh6 31.Qe3+ Kh7 32.Qe7+ Kh6 33.Qe3+ Kh5 34.Ka2 Rd1 35.Qe2+ Qg4
36.f3 Qd4 37.f4+ Kh4 38.Qe7+ Kg3 39.Re4 Qg1 40.Re3+ Kf2 41.Re2+ Kf1 42.Qe4 Qg4
43.Rh2 R8d2 44.Qh1+ Qg1 45.Qf3+ Ke1 46.Qe4+ Kf1 47.Qxc4+ Rd3 48.Rh3 Qd4 49.cxd3  0-1

[Event "World Cup of Rapid Chess Gp B"]
[Site "Cannes FRA"]
[Date "2001.03.22"]
[Round "6"]
[White "Bacrot,E"]
[Black "Morozevich,A"]
[Result "1-0"]
[WhiteElo "2618"]
[BlackElo "2745"]

1.d4 d5 2.c4 c6 3.Nc3 Nf6 4.Nf3 dxc4 5.a4 e5 6.Nxe5 Bb4 7.e3 Be6 8.Be2 Ne4
9.Bd2 Nd6 10.Ne4 Nxe4 11.Bxb4 c5 12.Bc3 Nc6 13.Nxc6 bxc6 14.Bf3 Bd5 15.Bxe4 Bxe4
16.Qg4 Qd5 17.dxc5 h5 18.Qxg7 O-O-O 19.Qd4 Bxg2 20.Qxd5 Bxd5 21.Rg1 Rhg8
22.Ke2 Rg4 23.f3 Rh4 24.Rg2 Re8 25.Kf2 f5 26.Rh1 Rh3 27.Rg3 Rxg3 28.hxg3 Bf7
29.Rh4 Rd8 30.Rf4 Be6 31.Bd4 Kb7 32.Kg2 Ka6 33.Bc3 Rd3 34.Kf2 Rd1 35.e4 fxe4
36.fxe4 Bh3 37.Rf6 Rf1+ 38.Ke3 Rxf6 39.Bxf6 Ka5 40.Kf4 Kxa4 41.Ke5 c3 42.bxc3 Kb3
43.Kd6 Kc4 44.Bd8 Kxc3 45.e5 Kb4 46.Kxc6 a5 47.Kd6 a4 48.Bf6 a3 49.e6 Bxe6
50.Kxe6 Kxc5 51.Be7+ Kd4 52.Bxa3 Ke4 53.Be7  1-0

[Event "World Cup of Rapid Chess Gp B"]
[Site "Cannes FRA"]
[Date "2001.03.22"]
[Round "7"]
[White "Morozevich,A"]
[Black "Tkachiev,V"]
[Result "0-1"]
[WhiteElo "2745"]
[BlackElo "2672"]

1.e4 e5 2.Nf3 Nc6 3.d4 exd4 4.Nxd4 Bc5 5.Nxc6 Qf6 6.Qd2 dxc6 7.Nc3 Bd4 8.Bd3 Ne7
9.O-O Ng6 10.Kh1 Ne5 11.Be2 Ng4 12.Nd1 O-O 13.h3 Rd8 14.hxg4 Qh4+ 15.Kg1 Be5
16.g3 Rxd2 17.gxh4 Rxe2 18.Ne3 h5 19.gxh5 Bh3 20.a4 Re8 21.Ra3 Bd6 22.Rb3 Rxe4
23.Rd1 Rxh4 24.Rxb7 Rxh5 25.Nf1 Rxc2 26.Re1 Be6 27.Rxe6 fxe6 28.Be3 a5 29.b3 Rh4
30.Kg2 Rb4 31.Ra7 Rxb3 32.Rxa5 Ra3 33.Ra8+ Kh7 34.a5 Rca2 35.Bd2 Ra4 36.Re8 Bb4
37.Be3 Rxa5 38.Rxe6 Bd6 39.Nd2 Re5  0-1

[Event "Bundesliga 2000-1"]
[Site "Gelsenkirchen"]
[Date "2001.04.01"]
[Round "13"]
[White "Morozevich,A"]
[Black "Beliavsky,A"]
[Result "0-1"]
[WhiteElo "2745"]
[BlackElo "2638"]

1.e4 e5 2.Nc3 Nf6 3.g3 d5 4.exd5 Nxd5 5.Bg2 Nxc3 6.bxc3 Bd6 7.Nf3 O-O 8.O-O Bg4
9.h3 Bd7 10.d4 Nc6 11.Re1 Re8 12.Rb1 Rb8 13.Ng5 h6 14.Ne4 exd4 15.cxd4 Bf8
16.Bf4 Bf5 17.c3 Ne7 18.Rb5 Qd7 19.Rxb7 Nd5 20.Rxb8 Rxb8 21.Bd2 Bxh3 22.Bxh3 Qxh3
23.c4 Nb6 24.Qb3 Rd8 25.d5 Qd7 26.Bf4 Re8 27.Re3 f5 28.Nd2 Bc5 29.Rxe8+ Qxe8
30.Kf1 c6 31.Qd3 cxd5 32.cxd5 Qd7 33.d6 Qe6 34.Nb3 Nd7 35.Nxc5 Nxc5 36.Qd4 Nd7
37.Qxa7 g5 38.Be3 Qxd6 39.Qd4 Qe6 40.a4 Ne5 41.Qd8+ Kf7 42.Qc7+ Ke8 43.Qb8+ Kf7
44.Qb7+ Kg6 45.Qb6 Nc6 46.a5 Kh5 47.Qb5 Qe4 48.a6 Ne5 49.a7 Nf3 50.Qa6 Kg4
51.Qb5 Kh3 52.a8=Q Qxa8 53.Qxf5+ Kh2 54.Qe6 Qa1+ 55.Ke2 Kg2 56.Kd3 Qb1+ 57.Kc3 h5
58.Qd5 Qa1+ 59.Kc2 Qa4+ 60.Kc3 h4 61.gxh4 gxh4 62.Qg8+ Kf1 63.Qd5 Qa3+ 64.Kc2 Ne1+
65.Kb1 Qd3+  0-1

[Event "TCh-FRA"]
[Site "Montpellier FRA"]
[Date "2001.04.30"]
[Round "10"]
[White "Bareev,E"]
[Black "Morozevich,A"]
[Result "1-0"]
[WhiteElo "2709"]
[BlackElo "2749"]

1.d4 d5 2.c4 c6 3.Nf3 Nf6 4.e3 a6 5.Nbd2 Bg4 6.h3 Bh5 7.g4 Bg6 8.Ne5 Nfd7
9.Nxg6 hxg6 10.Bg2 e6 11.e4 Nb6 12.c5 N6d7 13.O-O Be7 14.b4 a5 15.Qa4 b5
16.Qa3 Ra6 17.bxa5 Rxa5 18.Qe3 Ra4 19.e5 Na6 20.Nb3 Nc7 21.Bd2 Qa8 22.f4 Qa7
23.Qd3 Nf8 24.a3 Rh4 25.Kh1 Bd8 26.Bb4 Na6 27.Be1 Rh7 28.Bc3 Qd7 29.Nd2 f5
30.exf6 gxf6 31.Nf3 Bc7 32.Bd2 Kd8 33.Rf2 Kc8 34.Raf1 f5 35.Ng5 Re7 36.Bf3 Nh7
37.Nxh7 Rxh7 38.Bd1 Rc4 39.gxf5 Qg7 40.fxg6 Rxd4 41.Qg3 Rh6 42.Bc3 Rxg6 43.Bxd4 Rxg3
44.Bxg7 Rxg7 45.Rc2 Rg3 46.Bg4 Kb7 47.Bxe6 Rxa3 48.h4 Nb4 49.Rh2 Nd3 50.Bf5 Nxf4
51.h5 Re3 52.h6 Ne2 53.h7 Be5 54.Rff2 Ng3+ 55.Kg2 Rc3 56.h8=Q  1-0

[Event "Corus"]
[Site "Wijk aan Zee NED"]
[Date "2002.01.12"]
[Round "1"]
[White "Gurevich,M"]
[Black "Morozevich,A"]
[Result "1/2-1/2"]
[WhiteElo "2641"]
[BlackElo "2742"]

1.d4 d5 2.c4 c6 3.Nc3 Nf6 4.e3 a6 5.Qc2 e6 6.Bd2 Nbd7 7.Nf3 c5 8.cxd5 exd5
9.g3 b5 10.Bg2 Bb7 11.O-O Rc8 12.dxc5 Bxc5 13.Qf5 g6 14.Qd3 O-O 15.Rfd1 Re8
16.Rac1 Bf8 17.Be1 Nc5 18.Qb1 b4 19.Ne2 a5 20.Nf4 Qb6 21.a3 Nce4 22.axb4 axb4
23.Rxc8 Rxc8 24.Rc1 Re8 25.Qd3 Bd6 26.Qb3 h5 27.Nd4 h4 28.Qa4 hxg3 29.hxg3 Ra8
30.Qb5 Qxb5 31.Nxb5 Bf8 32.Nd4 Ra2 33.Rb1 Nd7 34.Nd3 Ba6 35.Nc1 Ra5 36.Nc6 Rb5
37.Ra1 Rb6 38.Nd4 Ne5 39.Ra5 Nc4 40.Rxd5 Nf6 41.Rd8 Nxb2 42.Bf1  1/2-1/2

[Event "Corus"]
[Site "Wijk aan Zee NED"]
[Date "2002.01.16"]
[Round "4"]
[White "Morozevich,A"]
[Black "Lautier,J"]
[Result "1-0"]
[WhiteElo "2742"]
[BlackElo "2687"]

1.e4 c5 2.Nf3 e6 3.c3 Nf6 4.e5 Nd5 5.Bc4 Nb6 6.Bb3 d6 7.exd6 Bxd6 8.d4 Nc6
9.O-O O-O 10.Re1 Be7 11.dxc5 Qxd1 12.Rxd1 Bxc5 13.Bf4 Rd8 14.Rxd8+ Nxd8 15.Nbd2 Bd7
16.Rd1 Be8 17.h3 Be7 18.Be3 Nc6 19.Nc4 Nxc4 20.Bxc4 h6 21.Kf1 Kf8 22.Ke2 Rc8
23.Bd3 Rd8 24.a3 b6 25.g4 Bd6 26.b4 Ne5 27.Nxe5 Bxe5 28.c4 Ba4 29.Bc2 Rxd1
30.Kxd1 Bc6 31.Ke2 Bd6 32.f3 Ke7 33.Be4 Bxe4 34.fxe4 Kd7 35.h4 Kc6 36.b5+ Kc7
37.a4 Be7 38.h5 e5 39.Kd3 Bc5 40.Bd2 f6 41.a5 Kd6 42.axb6 axb6 43.Kc2 Kd7
44.Kb3 Ke6 45.Bb4 Bd4 46.Ka4 Bf2 47.Bf8 Kf7 48.Ba3 Ke6 49.c5 bxc5 50.b6 Kd6
51.Kb5  1-0

[Event "Corus"]
[Site "Wijk aan Zee NED"]
[Date "2002.01.17"]
[Round "5"]
[White "Timman,J"]
[Black "Morozevich,A"]
[Result "1/2-1/2"]
[WhiteElo "2605"]
[BlackElo "2742"]

1.d4 d5 2.c4 c6 3.Nc3 Nf6 4.e3 a6 5.Qc2 e6 6.Bd2 c5 7.dxc5 Bxc5 8.cxd5 exd5
9.Nb5 Nbd7 10.b4 Bb6 11.Nd6+ Ke7 12.Nf5+ Kf8 13.Bc3 g6 14.Nd4 Ne4 15.Ne6+ fxe6
16.Bxh8 Qe7 17.Qb2 e5 18.Nf3 Bc7 19.Qb3 Nb6 20.Bd3 Bf5 21.Rc1 Bd6 22.h3 Kg8
23.g4 Nxf2 24.Kxf2 Bxd3 25.Qxd3 Rf8 26.e4 Kxh8 27.Rhe1 Bxb4 28.Re2 d4 29.Kg2 Na4
30.Rf1 Nc5 31.Qc4 Bc3 32.a4 Kg7 33.Ref2 Nxe4 34.Re2 Nd6 35.Qd5 e4 36.Nxd4 Rxf1
37.Ne6+ Kf6 38.g5+ Kf7 39.Nc5+ Ke8 40.Kxf1 Qf7+ 41.Qxf7+ Kxf7 42.Nxe4 Nxe4
43.Rxe4 b5 44.Ke2 bxa4 45.Rxa4 a5 46.Rc4 Bg7 47.Rc7+ Kg8 48.Ra7 h6 49.gxh6 Bxh6
50.Rxa5 Bg7 51.Kf3 Bc3 52.Ra7 Bb2 53.Ke4 Bc3 54.Kd5 Bb2 55.Ke6 Bc3 56.Rd7 Bb2
57.Rd2 Bc3 58.Rg2 Kg7 59.Rg4 Bb2  1/2-1/2

[Event "Corus"]
[Site "Wijk aan Zee NED"]
[Date "2002.01.19"]
[Round "6"]
[White "Morozevich,A"]
[Black "Kasimdzhanov,R"]
[Result "1-0"]
[WhiteElo "2742"]
[BlackElo "2695"]

1.e4 c5 2.Nf3 Nc6 3.Bb5 g6 4.Bxc6 bxc6 5.O-O Bg7 6.Re1 Nh6 7.c3 O-O 8.d4 cxd4
9.cxd4 f6 10.b3 Nf7 11.Nbd2 d6 12.Bb2 Ba6 13.Rc1 Rc8 14.b4 e5 15.Nb3 Qb6
16.Bc3 Bc4 17.Qc2 Be6 18.h3 Qa6 19.Na5 c5 20.bxc5 dxc5 21.d5 Bd7 22.Nd2 Nd6
23.a4 Bh6 24.Ra1 Kg7 25.Ndc4 Nxc4 26.Qd3 Rb8 27.Qxc4 Qxc4 28.Nxc4 Rb3 29.Bd2 Bxd2
30.Nxd2 Rb2 31.Nc4 Rb4 32.Rec1 Bxa4 33.f3 a6 34.Nd6 Rd8 35.Nb7 Rxb7 36.Rxa4 Rc8
37.Rxa6 c4 38.Rc2 Kf7 39.Kf2 Rbc7 40.h4 c3 41.g4 h6 42.g5 hxg5 43.hxg5 fxg5
44.Kg3 Rc4 45.Ra3 Ke7 46.Kg4 Kd6 47.Kxg5 R8c7 48.Kf6 Rc8 49.Ra6+ Kc5 50.Kxe5 g5
51.d6 g4 52.fxg4 Re8+ 53.Kf6 Rexe4 54.d7 Rcd4 55.Rxc3+ Kb5 56.Re6 Rxg4 57.Rc7 Rdf4+
58.Ke7 Rg7+ 59.Kd8 Ra4 60.Kc8 Ra8+ 61.Kb7 Rd8 62.Rb6+ Ka5 63.Rd6 Kb5 64.Rd5+ Kb4
65.Kc6 Rgg8 66.Rb7+ Kc4 67.Rd1 Rh8 68.Kc7 Kc5 69.Rb2  1-0

[Event "Corus"]
[Site "Wijk aan Zee NED"]
[Date "2002.01.20"]
[Round "7"]
[White "Bareev,E"]
[Black "Morozevich,A"]
[Result "1/2-1/2"]
[WhiteElo "2707"]
[BlackElo "2742"]

1.d4 d5 2.c4 c6 3.Nf3 Nf6 4.Nc3 dxc4 5.a4 Bf5 6.Ne5 Nbd7 7.Nxc4 Qc7 8.g3 e5
9.dxe5 Nxe5 10.Bf4 Nfd7 11.Bg2 g5 12.Ne3 gxf4 13.Nxf5 O-O-O 14.Qc2 Nc5 15.O-O Ne6
16.Rad1 Bc5 17.Ne4 Bb4 18.e3 fxe3 19.fxe3 Kb8 20.Nf6 a5 21.g4 Be7 22.Nxe7 Qxe7
23.Qc3 Qc5 24.Rc1 Qxc3 25.Rxc3 Nf8 26.Rc5 Nfg6 27.Be4 Rd2 28.Rf2 Rhd8 29.Bxg6 Nxg6
30.Rxa5 Rd1+ 31.Kg2 Re1 32.Rh5 Rxe3 33.Rxh7 Rd4 34.h3 Ka7 35.Kh2 Ne5 36.Nh5 f5
37.gxf5 Rh4 38.Kg2 Rexh3 39.Nf4 Rh2+ 40.Kg3 Rxf2 41.Rxh4 Rxb2  1/2-1/2

[Event "Corus"]
[Site "Wijk aan Zee NED"]
[Date "2002.01.24"]
[Round "10"]
[White "Morozevich,A"]
[Black "Piket,Je"]
[Result "1-0"]
[WhiteElo "2742"]
[BlackElo "2659"]

1.e4 e5 2.Nf3 Nf6 3.Nxe5 d6 4.Nf3 Nxe4 5.d4 d5 6.Bd3 Bd6 7.O-O O-O 8.c4 c6
9.Qc2 Na6 10.a3 f5 11.c5 Bb8 12.Nc3 Nc7 13.Ne2 Ne6 14.b4 Qf6 15.Bb2 Bd7 16.Rae1 Be8
17.Qc1 Bh5 18.Ne5 Bxe2 19.Bxe2 Nxd4 20.Nd7 Qh4 21.Nxb8 Nxe2+ 22.Rxe2 Raxb8
23.f3 Nf6 24.Rfe1 h6 25.h3 Rf7 26.Re6 Rd8 27.Be5 Nh7 28.Bd6 Ng5 29.Re8+ Rxe8
30.Rxe8+ Kh7 31.Be5 Qh5 32.Qe3 Qg6 33.Kh1 f4 34.Qe2 Rd7 35.Bxf4 d4 36.Qe5 d3
37.Bd2 Nf7 38.Qf4 b5 39.Kh2 h5 40.Qe4 Qxe4 41.fxe4 h4 42.Kg1  1-0

[Event "Corus"]
[Site "Wijk aan Zee NED"]
[Date "2002.01.25"]
[Round "11"]
[White "Gelfand,B"]
[Black "Morozevich,A"]
[Result "1/2-1/2"]
[WhiteElo "2703"]
[BlackElo "2742"]

1.c4 c6 2.e4 d5 3.exd5 cxd5 4.d4 Nf6 5.Nc3 g6 6.Qb3 Bg7 7.cxd5 O-O 8.Be2 Na6
9.Bf3 Qb6 10.Nge2 Qxb3 11.axb3 Nb4 12.O-O Rd8 13.Ra5 h6 14.h4 Nd3 15.Rd1 Nxc1
16.Rxc1 b6 17.Ra4 Bb7 18.d6 Bxf3 19.dxe7 Rd7 20.gxf3 Re8 21.Rd1 Rexe7 22.Kf1 h5
23.Rda1 Nd5 24.Nxd5 Rxd5 25.Rxa7 Rxa7 26.Rxa7 Bxd4 27.Nc3 Ra5 28.Rd7 Bxc3
29.bxc3 Ra3 30.Kg2 Rxb3 31.Rb7 Kg7 32.c4 Rb4 33.Kg3 Kf6 34.f4 Ke6 35.Rc7 Rb3+
36.f3 Rb4 37.Rc6+ Kd7 38.Rf6 Ke7 39.Rc6 Ke8 40.Rf6 Rxc4 41.Rxb6  1/2-1/2

[Event "Corus"]
[Site "Wijk aan Zee NED"]
[Date "2002.01.27"]
[Round "13"]
[White "Dreev,A"]
[Black "Morozevich,A"]
[Result "1/2-1/2"]
[WhiteElo "2683"]
[BlackElo "2742"]

1.d4 d5 2.c4 c6 3.Nf3 Nf6 4.e3 Bf5 5.Nc3 e6 6.Nh4 Be4 7.Qb3 Qc7 8.f3 dxc4
9.Qxc4 Bd5 10.Nxd5 Nxd5 11.g3 Nd7 12.e4 N5b6 13.Qc2 Bb4+ 14.Kf2 O-O-O 15.Be3 h6
16.Ng2 g5 17.Be2 f5 18.Qb3 Qd6 19.Rhd1 fxe4 20.fxe4 Ba5 21.Kg1 Rhf8 22.a3 Kb8
23.Kh1 Nc8 24.Bg4 Rde8 25.d5 exd5 26.exd5 Ne5 27.Bh5 Rd8 28.Rac1 Qc7 29.Bc5 Rf6
30.Qe3 Rxd5 31.Rxd5 cxd5 32.b4 Bb6 33.Be2 Bxc5 34.Rxc5 Qd6 35.Qd4 Nb6 36.Ne3 Nc6
37.Qd2 Qe5 38.Nxd5 Rf2 39.Nc3 Qd4 40.Qxd4 Nxd4 41.Kg1 Rxe2 42.Nxe2 Nxe2+
43.Kf2 Nd4 44.Ke3 Nc6 45.Ke4 Nd7 46.Rc1 Ne7 47.h4 a6 48.hxg5 hxg5 49.Rh1 Kc7
50.Rh6 Kd8 51.Rh8+ Kc7 52.Rh6 b6 53.Re6 Kd8 54.Rh6 Ke8 55.Rd6 Kd8 56.Rh6 Kc7
57.Re6 Kd8  1/2-1/2